Augusto
Saved in:
| Hovedforfatter: | |
|---|---|
| Format: | Bog |
| Sprog: | spansk |
| Udgivet: |
Madrid
Akal
1991
|
| Fag: | |
| Tags: |
Tilføj Tag
Ingen Tags, Vær først til at tagge denne postø!
|
MARC
| LEADER | 00000nam a2200000 a 4500 | ||
|---|---|---|---|
| 001 | UCX6346 | ||
| 003 | CL-VaPUC | ||
| 008 | 930519e19910000SP |||||||||||||||||spa|d | ||
| 082 | 0 | 4 | |a 937.07 |b MAN |2 21 |
| 100 | |a Mangas, Julio |e autor |9 480530 | ||
| 245 | 1 | 0 | |a Augusto |
| 300 | |a 63 p | ||
| 942 | |c BK | ||
| 945 | |d 19930519 00:00:00 | ||
| 260 | |a Madrid |b Akal |c 1991 | ||
| 650 | 0 | |a Biografías |9 255210 | |
| 650 | 0 | |a Imperio Romano |9 322785 | |
| 583 | |a last modification |c 19930519 00:00:00 |k Rodrigo Vera | ||
| 999 | |c 226374 |d 226372 | ||
| 952 | |0 0 |1 0 |4 0 |6 937_070000000000000_MAN_1991 |7 0 |8 A |9 224672 |a BIBHIS |b BIBHIS |d 2019-11-15 |i 2934418 |o 937.07 MAN 1991 |p 2934418 |r 2025-01-20 |w 2019-11-15 |y BK |k HIS | ||